00710nam a2200169 a 450000100100000000500170001000800410002704000250006808200150009310000430010824500980015126000660024930000170031550500170033295201740034999900170052300003319620200930070106.0110822s1948 dr 000 0 spa d aDO-SdBNPbspacBNPHU axxxbC965h1 aCuesta Mendoza, Antonio,d1873-95830410aHistoria de la educación en el Puerto Rico Colonial :b1821-1898 /cAntonio Cuesta Mendoza. aCiudad Trujillo, República Dominicana :bArtey cine,c1948. av. ;c22 cm.0 gVolumen II : 001050718RVaPDbPDcCTd2011-08-22iLF1l0oxxx C965hp33196-10r2020-06-25w2020-06-25y1zPerteneció a la biblioteca personal de Julio Ortega FrierZNo se presta c32687d32687